00694nam a2200169 i 4500001000300000100002400003245022500027260002300252040000800275041000800283080002100291942000700312008004100319999001700360856009800377952004900475bg1 aBRONAKOWSKI, Henryk 0aSamorząd spółdzielni wiejskich jako czynnik demokratyzacji życia społeczno-gospodarczego :bprobemy funkcjonalności i dysfunkcjonalności kierowania sółdzielniami przez organy samorządu /cH. Bronakowski. aBiałystok,c1981. cBPK apol a334.1/.6(438-22) cKS s pl f |000 0 pol  c21280d21280 uhttp://koha.tu.koszalin.pl/cgi-bin/koha/opac-detail.pl?biblionumber=21280yKatalog online BPK 00104070aBPKbBPKcwo29875p01602777yKS